Дело по донесениям Санкт-Петербургского губернатора о происшествиях по губернии

Доступно только в Электронных читальных залах Найти на картеНа карте
RUSMARC
00003689nmc2a22002533x 450
0013aed6808-3029-482c-a07d-5aaa88a7b725
00520200601192700.0
100##$a20200122l18801880k l0rusy0189 ca
1010#$arus
102##$aRU
105##$ay###
1222#$ad
2001#$aДело по донесениям Санкт-Петербургского губернатора о происшествиях по губернии
$j22 января - 29 ноября 1880 г.
215##$a14 л.
$d36,5х26 см
251##$cДело
300##$aДело
371##$aДокумент не является опубликованным и широко распространяемым
461#0$1001f1872bb2-62c1-4849-9738-00f5d48ed530
$12001
$aДепартамент народного просвещения Министерства народного просвещения (1803-1917)
$1251
$cФонд
$1852
$j733
462#0$1001e551e41b-1d3e-47df-bad0-92f3689d4953
$12001
$aДела Департамента полиции исполнительной МВД за 1880 год
$1251
$cОпись
$1852
$j41
$l1880 г.
801#0$aRU
$bРГИА
$c20200122
$gRCR
801#1$aRU
$bГлавНИВЦ
$c20200122
$2rusmarc
801#2$aRU
$bПБ им. Б.Н. Ельцина
$c20200601
$gRCR
$2rusmarc
850##$aРГИА
852##$aРГИА
$eФедеральное казенное учреждение "Российский государственный исторический архив" (РГИА)
$j406
937##$hРГИА
$d12335299
$aASBIBLIO_SCAN
035##$aRuPRLIB12145787
856##$uhttp://readingroom.main.prlib.ru/item.aspx?id_node=n144907768&mode=full
Формат отображения